東武東上線の歴代全駅名 - Statistics

General Stats
  • This quiz has been taken 61 times
  • The average score is 37 of 59
Answer Stats
No. 駅名 存在時期 % Correct
TJ-01 池袋 1914-
96%
TJ-02 北池袋 1951-
93%
TJ-03 下板橋 1914-
91%
TJ-11 和光市 1970-
89%
TJ-10 成増 1914-
87%
TJ-12 朝霞 1932-
87%
TJ-21 川越 1940-
87%
TJ-07 上板橋 1914-
85%
TJ-30 森林公園 1971-
85%
TJ-33 小川町 1923-
85%
TJ-39 寄居 1925-
85%
TJ-13 朝霞台 1974-
84%
TJ-22 川越市 1922-
84%
TJ-05 中板橋 1927-
82%
TJ-08 東武練馬 1931-
82%
TJ-19 上福岡 1914-
82%
TJ-26 坂戸 1976-
82%
TJ-04 大山 1931-
80%
TJ-09 下赤塚 1930-
80%
TJ-14 志木 1914-
80%
TJ-18 ふじみ野 1993-
78%
TJ-24 鶴ヶ島 1932-
78%
TJ-32 武蔵嵐山 1935-
78%
TJ-06 ときわ台 1951-
75%
TJ-29 東松山 1954-
75%
TJ-16 みずほ台 1977-
73%
TJ-17 鶴瀬 1914-
73%
TJ-20 新河岸 1916-
73%
TJ-23 霞ヶ関 1930-
73%
TJ-27 北坂戸 1973-
73%
TJ-31 つきのわ 2002-
73%
TJ-35 みなみ寄居 2020-
73%
TJ-25 若葉 1979-
71%
TJ-28 高坂 1923-
71%
TJ-15 柳瀬川 1979-
69%
TJ-34 東武竹沢 1934-
69%
TJ-38 玉淀 1934-
69%
TJ-36 男衾 1925-
67%
TJ-37 鉢形 1925-
67%
TJ-22 川越町 1914-1922
55%
TJ-26 坂戸町 1916-1976
55%
TJ-34 竹沢 1932-1934
51%
TJ-11 大和町 1951-1970
47%
TJ-21 川越西町 1915-1940
40%
TJ-12 膝折 1914-1932
36%
廃止 田面沢 1914-1916
35%
TJ-06 武蔵常盤 1935-1951
31%
TJ-11 新倉 1934-1951
31%
TJ-29 武州松山 1923-1954
31%
廃止 入間川 1934-1936
29%
廃止 入間川 1941
29%
TJ-23 的場 1916-1930
29%
TJ-11 にいくら 1934
27%
TJ-32 菅谷 1923-1935
25%
廃止 金井窪 1931-1945
24%
TJ-20 高階 1914-1916
24%
廃止 東武堀之内 1934-1947
22%
廃止 入間川水泳場 1937-1940
22%
廃止 入間川水泳場 1942
22%
No matching quizzes found
Score Distribution
Percent of People with Each Score
Percentile by Number Answered
Your Score History
You have not taken this quiz